[Event "the big x-mas knockout"]
[Site "SchemingMind.com"]
[Date "2016.09.24"]
[Round "-"]
[White "smothered mate"]
[Black "Evans9EN"]
[Result "0-1"]
[WhiteCountry "POL"]
[BlackCountry "WLS"]
[WhiteElo "2003"]
[WhiteRD "71"]
[BlackElo "1993"]
[BlackRD "137"]
[GameID "403948"]

1. e4 d6 2. d4 Nf6 3. Nc3 g6 4. Be2 Bg7 5. h4 h5 6. Bg5 c6 7. Qd2 b5 8. a3 Nbd7 9. f4 Nb6 10. d5 cxd5
11. Bxb5+ Bd7 12. exd5 Bxb5 13. Nxb5 Nfxd5 14. O-O-O Bxb2+ 15. Kb1 a6 16. c4 Bg7 17. cxd5 axb5 18. Qd3 Nc4 19. Nf3 Rxa3 20. Qe4 Rb3+
21. Kc2 Rc3+ 22. Kb1 Na3+ 23. Ka2 Rc2+ 24. Kxa3 Qa5+ 25. Kb3 Rb2#
0-1

[Event "the big x-mas knockout"]
[Site "SchemingMind.com"]
[Date "2016.09.24"]
[Round "-"]
[White "Evans9EN"]
[Black "smothered mate"]
[Result "1-0"]
[WhiteCountry "WLS"]
[BlackCountry "POL"]
[WhiteElo "2069"]
[WhiteRD "131"]
[BlackElo "1941"]
[BlackRD "72"]
[GameID "403949"]

1. d4 d5 2. c4 e6 3. Nc3 c5 4. cxd5 exd5 5. Nf3 Nc6 6. g3 c4 7. Bg2 Bb4 8. O-O Nge7 9. e4 O-O 10. exd5 Nxd5
11. Bg5 f6 12. Nxd5 Qxd5 13. Be3 Rd8 14. Ne5 Qb5 15. Nxc6 bxc6 16. Qc2 Be6 17. Be4 f5 18. a4 Qa6 19. Bxf5 Bxf5 20. Qxf5 Rd5
21. Qe6+ Kf8 22. Qe4 Re8 23. Qxh7 Qc8 24. Rfc1 c3 25. bxc3 Bd6 26. Rab1 Qg4 27. Rb7 Rh5 28. Rxg7 Qxg7 29. Qxh5
1-0

[Event "the big x-mas knockout"]
[Site "SchemingMind.com"]
[Date "2016.12.16"]
[Round "-"]
[White "Adrian Grajczak"]
[Black "Don71"]
[Result "0-1"]
[WhiteCountry "POL"]
[BlackCountry "NIR"]
[WhiteElo "1895"]
[WhiteRD "86"]
[BlackElo "2356"]
[BlackRD "92"]
[GameID "407989"]

1. e4 e5 2. Nf3 Nc6 3. Bb5 a6 4. Ba4 b5 5. Bb3 Nf6 6. O-O Bb7 7. d3 Bc5 8. c3 d6 9. d4 Bb6 10. Bc2 O-O
11. Re1 Re8 12. d5 Ne7 13. h3 c6 14. dxc6 Bxc6 15. Bg5 Ng6 16. Nbd2 h6 17. Be3 Bxe3 18. Rxe3 Nf4 19. Kh2 Bd7 20. Nf1 Qc7
21. Qd2 d5 22. exd5 N4xd5 23. Ree1 e4+
0-1

[Event "the big x-mas knockout"]
[Site "SchemingMind.com"]
[Date "2016.12.18"]
[Round "-"]
[White "Don71"]
[Black "Adrian Grajczak"]
[Result "1-0"]
[WhiteCountry "NIR"]
[BlackCountry "POL"]
[WhiteElo "2356"]
[WhiteRD "92"]
[BlackElo "1895"]
[BlackRD "86"]
[GameID "407990"]

1. e4 c5 2. Nf3 e6 3. Nc3 Nc6 4. d4 cxd4 5. Nxd4 Nf6 6. Nxc6 bxc6 7. e5 Nd5 8. Ne4 Qc7 9. Nd6+ Bxd6 10. exd6 Qxd6
11. c4 Qe5+ 12. Qe2 Qxe2+ 13. Bxe2 Nf6 14. Bf4 d5 15. cxd5 exd5 16. Rc1 Bd7 17. Ba6 O-O 18. O-O
1-0

[Event "the big x-mas knockout"]
[Site "SchemingMind.com"]
[Date "2016.12.16"]
[Round "-"]
[White "hdj42"]
[Black "anne"]
[Result "1-0"]
[WhiteCountry "ENG"]
[BlackCountry "GER"]
[WhiteElo "2026"]
[WhiteRD "107"]
[BlackElo "2217"]
[BlackRD "82"]
[GameID "408025"]

1. d4 Nf6 2. c4 e6 3. Nc3 Bb4 4. e3 O-O 5. Bd3 c5 6. Nf3 d5 7. O-O dxc4 8. Bxc4 cxd4 9. exd4 a6 10. Bg5 h6
11. Be3 Nc6 12. a3 Bd6 13. Re1 b5 14. Bd3 Bb7 15. Qe2 Ne7 16. Rad1 Rc8 17. Ne5 Nf5 18. g3 Bxa3 19. Nxb5 Nxe3 20. fxe3 Qd5
21. e4 Qxd4+ 22. Nxd4 Bc5 23. Bxa6 Rcd8 24. Bxb7 Bxd4+ 25. Rxd4 Rxd4 26. Ng4 Nxg4 27. Qxg4 Rb4 28. Ba6 Rxb2 29. Rf1 Rb4 30. Bd3 Rd4
31. Qf3 Rd7 32. Bc4 Rc8 33. Bb5 Re7= 34. Rd1 Ra7= 35. Rd7 Rxd7 36. Bxd7 Ra8 37. e5 Ra7 38. Qc3 Ra8 39. Qc6 Rd8 40. Qd6 h5
41. Qe7 Rf8 42. Bxe6 fxe6 43. Qxe6+ Kh7 44. Qe7 Rf3 45. Qg5
1-0

[Event "the big x-mas knockout"]
[Site "SchemingMind.com"]
[Date "2016.12.17"]
[Round "-"]
[White "anne"]
[Black "hdj42"]
[Result "1-0"]
[WhiteCountry "GER"]
[BlackCountry "ENG"]
[WhiteElo "2222"]
[WhiteRD "75"]
[BlackElo "1905"]
[BlackRD "104"]
[GameID "408026"]

1. e4 e6 2. d4 d5 3. Nc3 Nf6 4. Bg5 Bb4 5. e5 h6 6. exf6 hxg5 7. fxg7 Rg8 8. h4 gxh4 9. a3 Be7 10. Qh5 Bf6
11. Nf3 Bxg7 12. Rxh4 Qf6 13. Qg4 a6 14. Nxd5 Qd8 15. Qxg7 Rf8 16. Rh8
1-0

[Event "the big x-mas knockout"]
[Site "SchemingMind.com"]
[Date "2016.12.25"]
[Round "-"]
[White "Thomas J. Hendrich"]
[Black "GBEDARD"]
[Result "1-0"]
[WhiteCountry "USA"]
[BlackCountry "USA"]
[WhiteElo "2200"]
[WhiteRD "125"]
[BlackElo "2068"]
[BlackRD "97"]
[GameID "408447"]

1. d4 Nf6 2. c4 e6 3. Nc3 c5 4. d5 exd5 5. cxd5 d6 6. e4 g6 7. Nf3 Bg7 8. h3 O-O 9. Bd3 b5 10. Bxb5 Nxe4
11. Nxe4 Qa5+ 12. Nfd2 Qxb5 13. Nxd6 Qa6 14. N2c4 Nd7 15. O-O Ne5 16. Nxc8 Raxc8 17. Nxe5 Bxe5 18. Re1 Rfe8 19. Bg5 Bd4 20. Rb1 Rb8
21. Qf3 Kg7 22. Be7 Qxa2 23. d6 Be5 24. b4 cxb4 25. Rxe5 Qxb1+ 26. Kh2 f5 27. Qc6 Rec8 28. Qd7 Kh6 29. f4
1-0

[Event "the big x-mas knockout"]
[Site "SchemingMind.com"]
[Date "2016.12.27"]
[Round "-"]
[White "GBEDARD"]
[Black "Thomas J. Hendrich"]
[Result "0-1"]
[WhiteCountry "USA"]
[BlackCountry "USA"]
[WhiteElo "2062"]
[WhiteRD "95"]
[BlackElo "2362"]
[BlackRD "103"]
[GameID "408448"]

1. e4 e5 2. Nf3 Nc6 3. Bb5 a6 4. Ba4 Nf6 5. O-O Be7 6. Re1 b5 7. Bb3 d6 8. c3 O-O 9. h3 Nb8 10. d4 Nbd7
11. Nbd2 Bb7 12. Bc2 Re8 13. Nf1 Bf8 14. Ng3 g6 15. a4 c5 16. Be3 exd4 17. cxd4 Bxe4 18. Nxe4 Nxe4 19. Bxe4 Rxe4 20. dxc5 Nxc5
21. axb5 axb5 22. Qd5 Rea4 23. Rxa4 bxa4 24. Ng5 Ra7 25. Rd1 Qe7 26. Ne4 Ra6 27. f3 Nxe4 28. fxe4 Bg7 29. Rd3 Qc7 30. Qb5 Ra8
31. Bf4 Qc2 32. Kh2 Bxb2 33. Qb7 Re8 34. Rf3 a3 35. Bxd6 Qc4 36. Qd7 Ra8 37. Qb7 Rd8 38. Qe7 Rxd6 39. Qxd6 Qxe4 40. Rg3 Qe5
41. Qa6 Qf4 42. Qa8+ Kg7 43. Qa5 Qd6
0-1

[Event "the big x-mas knockout"]
[Site "SchemingMind.com"]
[Date "2016.12.24"]
[Round "-"]
[White "Robert Bruce"]
[Black "John Hamer"]
[Result "1-0"]
[WhiteCountry "SCO"]
[BlackCountry "ENG"]
[WhiteElo "2344"]
[WhiteRD "63"]
[BlackElo "1959"]
[BlackRD "71"]
[GameID "408449"]

1. f4 d5 2. Nf3 Nf6 3. e3 e6 4. b3 Bd6 5. Be2 Nc6 6. Bb2 Qe7 7. Ne5 O-O 8. O-O Rb8 9. a3 Rd8 10. d3 a6
11. Nd2 Kh8 12. c4 Bd7 13. b4 b6 14. Nxd7 Qxd7 15. g4 dxc4 16. Nxc4 b5 17. Ne5 Nxe5 18. fxe5 Nd5 19. exd6 Nxe3 20. Qc1 Nd5
21. dxc7 Nxc7 22. Bf3 f6 23. Bc6 Qe7 24. g5 f5 25. Be5 Rxd3 26. Qc5 Qf7 27. Rfd1 Rbd8 28. Rxd3
1-0

[Event "the big x-mas knockout"]
[Site "SchemingMind.com"]
[Date "2016.12.24"]
[Round "-"]
[White "John Hamer"]
[Black "Robert Bruce"]
[Result "1/2-1/2"]
[WhiteCountry "ENG"]
[BlackCountry "SCO"]
[WhiteElo "1959"]
[WhiteRD "71"]
[BlackElo "2344"]
[BlackRD "63"]
[GameID "408450"]

1. d4 f5 2. Nf3 Nf6 3. Bf4 g6 4. e3 Bg7 5. c4 d6 6. Nc3 c6 7. Be2 Be6 8. O-O h6 9. h3 Bf7 10. Qc2 Nbd7
11. Rad1 c5 12. Rfe1 Qb6 13. Na4 Qc7 14. Bh2 Rb8 15. Nc3 O-O 16. d5 a6 17. Bd3 Ne5 18. Nxe5 dxe5 19. f3 Ne8 20. Rd2 Kh7
21. Bg3 b5 22. Rc1 Nd6 23. b3 b4 24. Ne2 a5 25. h4 Be8 26. e4 f4 27. Bf2 Qc8 28. Kh1 g5 29. Qb2 g4 30. fxg4=
1/2-1/2

[Event "the big x-mas knockout"]
[Site "SchemingMind.com"]
[Date "2016.12.29"]
[Round "-"]
[White "Brennan Price"]
[Black "JAHI"]
[Result "1-0"]
[WhiteCountry "USA"]
[BlackCountry "INT"]
[WhiteElo "2111"]
[WhiteRD "106"]
[BlackElo "2067"]
[BlackRD "72"]
[GameID "408451"]

1. e4 g6 2. d4 Bg7 3. Nc3 d6 4. Nf3 e6 5. Bg5 f6 6. Be3 d5 7. Qd2 b6 8. Bd3 Bb7 9. exd5 exd5 10. O-O-O Nd7
11. Rde1 Kf7 12. Bf4 a6 13. h4 Ne7 14. h5 Re8 15. hxg6+ Nxg6 16. Rxe8 Qxe8 17. Rxh7 Ndf8 18. Bxg6+ Kxg6 19. Rh3 Kf7 20. Bh6 Bxh6
21. Qxh6 Ke7 22. Ng5 Qg6 23. Re3+ Kd7 24. Qh3+ f5 25. Nf3 Qh7 26. Ne5+ Kd8 27. Qxh7 Nxh7 28. Rf3 Nf6 29. Rxf5 Nd7 30. g4 Nxe5
31. Rxe5 Kd7 32. Nxd5 Bxd5 33. Rxd5+ Ke6 34. Re5+ Kd6 35. f4 Rf8 36. f5 Rg8 37. Re6+ Kd5 38. Rg6 Rxg6 39. fxg6 Ke6 40. g7 Kf7
41. Kd2 Kxg7 42. Ke3 Kf6 43. Kf4 Ke6 44. g5 Ke7 45. Ke5 Kf7 46. Kf5 Kg8 47. Kg6 c6 48. c4 b5 49. cxb5 axb5 50. b4 Kf8
51. Kh7 Ke7 52. g6 Ke6 53. g7 Kd5 54. g8=Q+ Kxd4 55. Qf8 Kc3 56. Qc5+ Kb2 57. Qxc6 Kxa2 58. Qc3 Kb1 59. Qd2 Ka1 60. Kg6 Kb1
61. Kf5 Ka1 62. Ke4 Kb1 63. Kd3 Ka1 64. Kc3 Kb1 65. Qb2#
1-0

[Event "the big x-mas knockout"]
[Site "SchemingMind.com"]
[Date "2016.12.29"]
[Round "-"]
[White "JAHI"]
[Black "Brennan Price"]
[Result "0-1"]
[WhiteCountry "INT"]
[BlackCountry "USA"]
[WhiteElo "2034"]
[WhiteRD "63"]
[BlackElo "2091"]
[BlackRD "103"]
[GameID "408452"]

1. g3 g6 2. Bg2 Bg7 3. d3 Nf6 4. e3 d5 5. d4 O-O 6. b3 Bf5 7. Bb2 Nc6 8. c3 e5 9. a3 Ne4 10. Nd2 Nxc3
11. Bxc3 exd4 12. Bxd4 Bxd4 13. Ra2 Bb6 14. Ngf3 Re8 15. Nh4 Bd3 16. Bf1 Bxf1 17. Kxf1 f5 18. Nhf3 d4 19. exd4 Qd5 20. Qc1 Nxd4
21. Qc4 Qxc4+ 22. bxc4 Rad8 23. Kg2 Re2 24. Re1 Rxe1 25. Nxe1 Kf7 26. Rb2 Kf6 27. a4 Ba5 28. Nef3 Ne6 29. Nb3 Bc3 30. Re2 g5
31. Re3 Bb4 32. Ne5 a5 33. Re2 Nd4 34. Nxd4 Rxd4 35. Kf3 g4+ 36. Kg2 h5 37. f3 Bc5 38. h3 gxh3+ 39. Kxh3 Rd1 40. f4 b6
41. Kg2 Bb4 42. Rc2 Rd2+ 43. Rxd2 Bxd2 44. Kf2 Ke6 45. Nf3 Bc3 46. Ke2 Kd6 47. Kd3 Bf6 48. Nd4 Bxd4 49. Kxd4 c6 50. c5+ bxc5+
51. Kc4 Kd7 52. Kxc5 Kc7 53. Kc4 Kd6 54. Kd4 c5+ 55. Kc4 Kc6 56. Kc3 Kd5 57. Kd3 c4+ 58. Ke3 Kc5 59. Kd2 Kd4 60. Ke1 Ke3
61. Kd1 Kd3 62. Ke1 Kc3 63. Kf2 Kd2 64. Kg2 c3 65. Kh3 c2 66. Kh4 c1=Q 67. Kxh5 Ke3 68. Kg6 Kf3 69. Kxf5 Kxg3 70. Kf6 Qxf4+
71. Ke6 Qg5 72. Kd6 Kf4 73. Kc6 Qe5 74. Kd7 Qf6 75. Kc7 Qa6 76. Kd7 Ke5 77. Kc7 Kd5 78. Kb8 Qb6+ 79. Kc8 Qa7 80. Kd8 Kd6
81. Ke8 Qe7#
0-1

[Event "the big x-mas knockout"]
[Site "SchemingMind.com"]
[Date "2017.03.10"]
[Round "-"]
[White "Brian Pott"]
[Black "Thomas J. Hendrich"]
[Result "0-1"]
[WhiteCountry "AUS"]
[BlackCountry "USA"]
[WhiteElo "2266"]
[WhiteRD "89"]
[BlackElo "2445"]
[BlackRD "97"]
[GameID "411432"]

1. e4 e5 2. Nf3 Nc6 3. Bc4 Bc5 4. b4 Bxb4 5. c3 Ba5 6. Qb3 Qe7 7. d4 Nf6 8. dxe5 Nxe4 9. O-O Bb6 10. Ba3 Nc5
11. Qd1 O-O 12. Re1 d6 13. exd6 Qxd6 14. Qc2 Qf4 15. Nbd2 Bf5 16. Qb2 Rab8 17. g3 Qg4 18. Ne5 Nxe5 19. Rxe5 Nd7 20. Re7 Nf6
21. Rae1 Qh5 22. Nf1 Ng4 23. R7e2 Rfd8 24. Qc1 Bd7 25. Qf4 Bc6 26. Bxf7+ Qxf7 27. Qxg4 Bf3 28. Qe6 Bxe2
0-1

[Event "the big x-mas knockout"]
[Site "SchemingMind.com"]
[Date "2017.03.11"]
[Round "-"]
[White "Thomas J. Hendrich"]
[Black "Brian Pott"]
[Result "1-0"]
[WhiteCountry "USA"]
[BlackCountry "AUS"]
[WhiteElo "2445"]
[WhiteRD "97"]
[BlackElo "2266"]
[BlackRD "89"]
[GameID "411433"]

1. d4 Nf6 2. c4 g6 3. Nc3 Bg7 4. e4 d6 5. Nf3 O-O 6. Be2 e5 7. O-O Nc6 8. d5 Ne7 9. b4 Nh5 10. Re1 f5
11. Ng5 Nf6 12. f3 Kh8 13. c5 h6 14. Ne6 Bxe6 15. dxe6 d5 16. exd5 Nfxd5 17. Nxd5 Nxd5 18. Bb2 Re8 19. Qb3 Nf4 20. Bc4 Qd2
21. Bf1 Qd5 22. Qxd5 Nxd5 23. Rad1 c6 24. Bc4 Rxe6 25. Bxd5 cxd5 26. Rxd5 Rae8 27. Kf2 Kg8 28. b5 Kf7 29. a4 a6 30. b6 Bf6
31. Red1 Rc6 32. Rd7+ Re7 33. Ba3 e4 34. f4 h5 35. Kf1 Bg7 36. R1d6
1-0

[Event "the big x-mas knockout"]
[Site "SchemingMind.com"]
[Date "2017.05.04"]
[Round "-"]
[White "Don71"]
[Black "Evans9EN"]
[Result "0-1"]
[WhiteCountry "NIR"]
[BlackCountry "WLS"]
[WhiteElo "2327"]
[WhiteRD "91"]
[BlackElo "2262"]
[BlackRD "127"]
[GameID "413393"]

1. c4 Nf6 2. Nf3 e6 3. d4 b6 4. Nc3 Bb7 5. e3 Bb4 6. Bd2 O-O 7. Bd3 d5 8. cxd5 exd5 9. Qc2 Nbd7 10. O-O a6
11. Rac1 Bd6 12. e4 dxe4 13. Nxe4 Nxe4 14. Bxe4 Bxe4 15. Qxe4 Re8 16. Qd3 Nc5 17. Qc2 Ne4 18. Be3 Qf6 19. Rfd1 Re7 20. d5 Rae8
21. a3 Qg6 22. Qd3 a5 23. h3 f5 24. h4 h6 25. Bd4 Qh5 26. Rc2 g5 27. Nh2 Qxh4 28. Nf1 Qh5 29. b4 axb4 30. axb4 f4
31. Bb2 Rf8 32. f3 Ng3 33. Nh2 Bxb4 34. d6 Bxd6 35. Ng4 Qh1+ 36. Kf2 Ne4+ 37. fxe4 Qh4+ 38. Kf1 Qxg4 39. Qf3 Qh4 40. e5 Bc5
41. Rcd2 g4 42. Qd5+ Ref7
0-1

[Event "the big x-mas knockout"]
[Site "SchemingMind.com"]
[Date "2017.05.04"]
[Round "-"]
[White "Evans9EN"]
[Black "Don71"]
[Result "1-0"]
[WhiteCountry "WLS"]
[BlackCountry "NIR"]
[WhiteElo "2189"]
[WhiteRD "130"]
[BlackElo "2339"]
[BlackRD "87"]
[GameID "413394"]

1. d4 Nf6 2. c4 e6 3. Nf3 d5 4. Nc3 c5 5. cxd5 exd5 6. Bg5 Be7 7. dxc5 O-O 8. e3 Be6 9. Be2 Bxc5 10. O-O Nc6
11. Rc1 Be7 12. Nd4 Rc8 13. a3 a6 14. Nxc6 Rxc6 15. Bf3 Qc7 16. Bxf6 Bxf6 17. Nxd5 Bxd5 18. Bxd5 Rxc1 19. Qxc1 Bxb2 20. Qxc7
1-0

[Event "the big x-mas knockout"]
[Site "SchemingMind.com"]
[Date "2017.05.03"]
[Round "-"]
[White "nikita68"]
[Black "hdj42"]
[Result "1-0"]
[WhiteCountry "RUS"]
[BlackCountry "ENG"]
[WhiteElo "2375"]
[WhiteRD "85"]
[BlackElo "1945"]
[BlackRD "101"]
[GameID "413540"]

1. e4 e6 2. d4 d5 3. Nd2 Be7 4. Ngf3 Nf6 5. e5 Nfd7 6. Bd3 c5 7. c3 Nc6 8. O-O g5 9. dxc5 g4 10. Nd4 Ncxe5
11. Bc2 Bxc5 12. f4 Nc6 13. Nb3 Nxd4 14. cxd4 Bb6 15. f5 e5 16. Qxg4 Nf6 17. Qg3 Rg8 18. Qxe5+ Kf8 19. Bh6+ Rg7 20. Qg3 Nh5
21. Qg4 Qf6 22. Qxh5 Kg8 23. Rf4 Bxf5 24. Bxf5
1-0

[Event "the big x-mas knockout"]
[Site "SchemingMind.com"]
[Date "2017.05.03"]
[Round "-"]
[White "hdj42"]
[Black "nikita68"]
[Result "0-1"]
[WhiteCountry "ENG"]
[BlackCountry "RUS"]
[WhiteElo "1945"]
[WhiteRD "101"]
[BlackElo "2375"]
[BlackRD "85"]
[GameID "413541"]

1. d4 Nf6 2. c4 e6 3. Nc3 c5 4. d5 exd5 5. cxd5 d6 6. e4 g6 7. Nge2 Bg7 8. Ng3 a6 9. a4 h5 10. Be2 Qe7
11. Bd3 h4 12. Nge2 h3 13. g3 Bg4 14. Qc2 Nbd7 15. Bg5 Ne5 16. Nd1 Nf3+ 17. Kf1 Nxg5 18. Ne3 Bf3 19. Rg1 Ngxe4 20. Nf4 Bh6
21. Re1 Kd7 22. Nc4 Rae8 23. Qb3 Nd2+
0-1

[Event "the big x-mas knockout"]
[Site "SchemingMind.com"]
[Date "2017.09.10"]
[Round "-"]
[White "Evans9EN"]
[Black "Thomas J. Hendrich"]
[Result "0-1"]
[WhiteCountry "WLS"]
[BlackCountry "USA"]
[WhiteElo "2257"]
[WhiteRD "133"]
[BlackElo "2463"]
[BlackRD "123"]
[GameID "418153"]

1. c4 Nf6 2. Nc3 e5 3. Nf3 Nc6 4. g3 Bc5 5. Bg2 d6 6. O-O O-O 7. d3 h6 8. a3 a6 9. b4 Ba7 10. Bb2 Nd4
11. Nxd4 exd4 12. Nd5 Nxd5 13. cxd5 Re8 14. Re1 Bf5 15. Qc2 Qd7 16. Rac1 Re7 17. Bf3 Rae8 18. Qd2 b5 19. Rc6 Bg4 20. Qf4 Bxf3
21. Qxf3 Bb6 22. Bc1 Qh3 23. Bf4 Rb8 24. e4 dxe3 25. Bxe3 Rbe8 26. Rf1 Re5 27. Bxb6 cxb6 28. Rxd6 Re1 29. Qg2 Qg4 30. h4 Qd1
31. Rxe1 Qxe1+ 32. Kh2 Re2 33. Kh3 Qd2 34. Qg1 Qxd3 35. Rd8+ Kh7 36. Rf8 Qxd5 37. Qg2 Qf5+ 38. g4 Qxf2 39. Qxf2 Rxf2 40. Kg3 Ra2
41. Rxf7 Rxa3+ 42. Kf4 Ra4 43. Kf5 Rxb4 44. Rb7 a5 45. Rxb6 a4 46. g5 hxg5 47. hxg5 Rb1 48. Ra6 Rf1+ 49. Kg4 Ra1 50. Kh5 g6+
51. Kg4 a3
0-1

[Event "the big x-mas knockout"]
[Site "SchemingMind.com"]
[Date "2017.09.10"]
[Round "-"]
[White "Thomas J. Hendrich"]
[Black "Evans9EN"]
[Result "1/2-1/2"]
[WhiteCountry "USA"]
[BlackCountry "WLS"]
[WhiteElo "2440"]
[WhiteRD "124"]
[BlackElo "2284"]
[BlackRD "136"]
[GameID "418154"]

1. d4 Nf6 2. c4 e6 3. Nf3 b6 4. g3 Ba6 5. b3 Bb4+ 6. Bd2 Be7 7. Bg2 c6 8. Bc3 d5 9. Nbd2 Nbd7 10. O-O O-O
11. Re1 c5 12. e4 dxe4 13. Nxe4 Nxe4 14. Rxe4 Bb7 15. Re2 Bf6 16. Rd2 Qe7 17. Qe2 Rad8 18. Rad1 h6 19. Ne5 Bxg2 20. Kxg2 Nxe5
21. dxe5 Qb7+ 22. Qf3 Qxf3+ 23. Kxf3 Rxd2 24. Rxd2 Bg5 25. Rd6 Rd8 26. h4 Be7 27. Rxd8+ Bxd8 28. h5 Bg5 29. b4 Be7 30. b5 Bg5=
31. a4 Kf8 32. a5 Ke8 33. g4 Kd7 34. Ke4 Bd8 35. a6 Ke8 36. f4 Kf8 37. f5 Kg8 38. f6 Kh7 39. fxg7 Kxg7 40. Bd2=
1/2-1/2

[Event "the big x-mas knockout"]
[Site "SchemingMind.com"]
[Date "2017.09.28"]
[Round "-"]
[White "Robert Bruce"]
[Black "Brennan Price"]
[Result "1/2-1/2"]
[WhiteCountry "SCO"]
[BlackCountry "USA"]
[WhiteElo "2328"]
[WhiteRD "70"]
[BlackElo "2133"]
[BlackRD "114"]
[GameID "418909"]

1. c4 e5 2. g3 Nc6 3. Nc3 Nf6 4. Bg2 Bb4 5. Nd5 O-O 6. Nf3 e4 7. Nh4 Bc5 8. O-O Re8 9. e3 d6 10. f3 Nxd5
11. cxd5 exf3 12. Nxf3 Nb8 13. d4 Bb6 14. Qd3 Nd7 15. Bd2 g6 16. Ne1 f5 17. Bc3 Nf6 18. Qb5 Rxe3 19. Nc2 Bd7 20. Qb3 Re7
21. a4 a6 22. Rae1 Rb8 23. Bf3 Ne4 24. Bxe4 Rxe4 25. a5 Ba7 26. Rxe4 fxe4 27. Bd2 Qe7 28. Bh6 Bb5 29. Rf2 Bd3 30. Qc3 Re8
31. Ne3 Kh8=
1/2-1/2

[Event "the big x-mas knockout"]
[Site "SchemingMind.com"]
[Date "2017.09.28"]
[Round "-"]
[White "Brennan Price"]
[Black "Robert Bruce"]
[Result "1/2-1/2"]
[WhiteCountry "USA"]
[BlackCountry "SCO"]
[WhiteElo "2133"]
[WhiteRD "114"]
[BlackElo "2328"]
[BlackRD "70"]
[GameID "418910"]

1. e4 Nf6 2. e5 Nd5 3. Nc3 Nxc3 4. dxc3 d6 5. Nf3 dxe5 6. Qxd8+ Kxd8 7. Nxe5 Be6 8. Be3 Nd7 9. O-O-O Ke8 10. Bb5 c6
11. Nxd7 cxb5 12. Nxf8 Rxf8 13. Rd2 b6 14. Rhd1 f6 15. b3 Rc8 16. Kb2 Rc7 17. Bf4 Rc6 18. Bb8 Kf7 19. Rd8 Rxd8 20. Rxd8 a6
21. Bf4 Bf5 22. Be3 h5 23. Rb8 Be4 24. f3 Bd5 25. Rxb6 Rxb6 26. Bxb6 e5 27. Bf2=
1/2-1/2

[Event "the big x-mas knockout"]
[Site "SchemingMind.com"]
[Date "2018.01.31"]
[Round "-"]
[White "Brennan Price"]
[Black "nikita68"]
[Result "1/2-1/2"]
[WhiteCountry "USA"]
[BlackCountry "RUS"]
[WhiteElo "2176"]
[WhiteRD "126"]
[BlackElo "2366"]
[BlackRD "85"]
[GameID "424148"]

1. e4 c5 2. c3 Nf6 3. e5 Nd5 4. d4 cxd4 5. Nf3 Nc6 6. Bc4 Nb6 7. Bb3 d5 8. exd6 Qxd6 9. O-O Be6 10. Na3 dxc3
11. Qe2 Bxb3 12. Nb5 Qb8 13. axb3 c2 14. Be3 a6 15. Bxb6 axb5 16. Qxc2 Rxa1 17. Rxa1 e5 18. Qd3 Be7 19. Qxb5 O-O 20. Nd2 f5
21. Nc4 e4 22. Rd1 Qe8 23. Bc7 Qc8 24. Bf4 Rd8 25. Rxd8+ Qxd8 26. Ne3 Nd4=
1/2-1/2

[Event "the big x-mas knockout"]
[Site "SchemingMind.com"]
[Date "2018.01.31"]
[Round "-"]
[White "nikita68"]
[Black "Brennan Price"]
[Result "1/2-1/2"]
[WhiteCountry "RUS"]
[BlackCountry "USA"]
[WhiteElo "2366"]
[WhiteRD "85"]
[BlackElo "2176"]
[BlackRD "126"]
[GameID "424149"]

1. d4 Nf6 2. c4 e6 3. Nf3 b6 4. g3 Bb7 5. Bg2 Be7 6. O-O O-O 7. Nc3 Ne4 8. Nxe4 Bxe4 9. b3 d5 10. Bb2 Nc6
11. Rc1 dxc4 12. bxc4 Qd6 13. Nh4 Bxg2 14. Nxg2 Bf6 15. e3 e5 16. d5 Nb4 17. a3 Na6 18. e4 Nc5 19. f3 Rad8 20. Qc2 Rfe8
21. Ne3 h5 22. h4 g6 23. Kg2=
1/2-1/2